000 00369nam a2200145Ia 4500
008 230917s9999||||xx |||||||||||||| ||und||
040 _e40516
_aMAIN
041 _aEnglish
082 _a810.9 T971H
100 _aTyler, Moses Coit
245 0 _aHistory of American literature 1607-1783
260 _aChicago
_bUniversity Press
_c1967
300 _a357 p.
942 _cBK
999 _c65437
_d65437